Concise international encyclopedia of business and management. / (Record no. 811)
[ view plain ]
| 000 -LEADER | |
|---|---|
| fixed length control field | 02809cam a22003254a 4500 |
| 001 - CONTROL NUMBER | |
| control field | 3069801 |
| 005 - DATE AND TIME OF LATEST TRANSACTION | |
| control field | 20210414113933.0 |
| 008 - FIXED-LENGTH DATA ELEMENTS--GENERAL INFORMATION | |
| fixed length control field | 970307s1997 enka be 001 0 eng |
| 010 ## - LIBRARY OF CONGRESS CONTROL NUMBER | |
| LC control number | 97010307 |
| 020 ## - INTERNATIONAL STANDARD BOOK NUMBER | |
| International Standard Book Number | 1861521146 |
| 040 ## - CATALOGING SOURCE | |
| Original cataloging agency | DLC |
| Transcribing agency | DLC |
| Modifying agency | DLC |
| 050 00 - LIBRARY OF CONGRESS CALL NUMBER | |
| Classification number | HF1001.I53 |
| 082 00 - DEWEY DECIMAL CLASSIFICATION NUMBER | |
| Classification number | 650/.03 |
| Edition number | 21 |
| 245 00 - TITLE STATEMENT | |
| Title | Concise international encyclopedia of business and management. / |
| Statement of responsibility, etc. | edited by Malcolm Warner. |
| 246 30 - VARYING FORM OF TITLE | |
| Title proper/short title | International encyclopedia of business and management |
| 246 30 - VARYING FORM OF TITLE | |
| Title proper/short title | Encyclopedia of business and management |
| 250 ## - EDITION STATEMENT | |
| Edition statement | 1st ed. |
| 260 ## - PUBLICATION, DISTRIBUTION, ETC. | |
| Place of publication, distribution, etc. | London, UK ; |
| -- | Boston, Mass : |
| Name of publisher, distributor, etc. | International Thomson Business Press, |
| Date of publication, distribution, etc. | c1997. |
| 300 ## - PHYSICAL DESCRIPTION | |
| Extent | xii, 788 p. : |
| Other physical details | ill. ; |
| Dimensions | 26cm. |
| 500 ## - GENERAL NOTE | |
| General note | Concise ed., with updated versions of 65 articles, of: International encyclopedia of business and management / edited by Malcolm Warner. 1996. |
| 504 ## - BIBLIOGRAPHY, ETC. NOTE | |
| Bibliography, etc. note | Includes bibliographical references and index. |
| 505 ## - FORMATTED CONTENTS NOTE | |
| Formatted contents note | Contents: Accounting -- Advertising strategy, international -- Auditing -- Banking -- Benchmarking -- Business economics -- Business ethics -- Business history -- Business strategies, east Asian -- Capital markets, regulation -- Consumer bahaviour -- Corporate governance -- Corporatism --Costing -- Creative accounting -- Decision making -- Downsizing -- Entrpreneurship -- Equal employment opportunities -- Financial statement analysis -- Futurology -- General management -- Globalization -- Guru concept -- Human resource management -- Industrial and labour relations -- Inflation accounting -- International business, future trends -- International business, legal dimensions of -- Inventory management, leadership, maintanace systems -- Management in Europe -- Management information systems -- Management in Japan -- Management in North America -- Managerial theories of the firm -- Marketing -- Markets -- Mergers, acquisitons and join ventures -- Multinational corporations, history of, -- Neo-classical economies -- Networks and organizations -- New product development -- Operations research -- Organization behaviour -- Organization culture -- Organization types -- Power -- Project management -- Public relations -- Purchasing -- Re-engineering -- Retailing -- Scheduling -- Small business strategy -- Strategy, concept of, -- Systems -- Technology strategy, international -- Time management -- Total quality management -- Women in management and business -- Work and leisure. |
| 650 #0 - SUBJECT ADDED ENTRY--TOPICAL TERM | |
| Topical term or geographic name entry element | Business |
| Form subdivision | Encyclopedias. |
| 650 #0 - SUBJECT ADDED ENTRY--TOPICAL TERM | |
| Topical term or geographic name entry element | Management |
| Form subdivision | Encyclopedias. |
| 700 1# - ADDED ENTRY--PERSONAL NAME | |
| Personal name | Warner, Malcolm. |
| 856 41 - ELECTRONIC LOCATION AND ACCESS | |
| Materials specified | Table of contents |
| Uniform Resource Identifier | <a href="http://www.loc.gov/catdir/toc/fy044/97010307.html">http://www.loc.gov/catdir/toc/fy044/97010307.html</a> |
| 906 ## - LOCAL DATA ELEMENT F, LDF (RLIN) | |
| a | 7 |
| b | cbc |
| c | orignew |
| d | 1 |
| e | ocip |
| f | 19 |
| g | y-gencatlg |
| 942 ## - ADDED ENTRY ELEMENTS (KOHA) | |
| Source of classification or shelving scheme | Library of Congress Classification |
| Koha item type | Books |
| Withdrawn status | Lost status | Source of classification or shelving scheme | Damaged status | Not for loan | Home library | Current library | Shelving location | Date acquired | Total Checkouts | Full call number | Barcode | Date last seen | Copy number | Price effective from | Koha item type |
|---|---|---|---|---|---|---|---|---|---|---|---|---|---|---|---|
| Library of Congress Classification | WISCONSIN INTERNATIONAL UNIVERSITY COLLEGE, GHANA - MAIN LIBRARY | WISCONSIN INTERNATIONAL UNIVERSITY COLLEGE, GHANA - MAIN LIBRARY | General Stacks | 03/05/2012 | HF1001.I53 | 1966/12 | 03/05/2012 | 1 | 03/05/2012 | Books | |||||
| Library of Congress Classification | WISCONSIN INTERNATIONAL UNIVERSITY COLLEGE, GHANA - MAIN LIBRARY | WISCONSIN INTERNATIONAL UNIVERSITY COLLEGE, GHANA - MAIN LIBRARY | General Stacks | 03/05/2012 | HF1001.I531 | 1967/12 | 03/05/2012 | 2 | 03/05/2012 | Books | |||||
| Library of Congress Classification | WISCONSIN INTERNATIONAL UNIVERSITY COLLEGE, GHANA - MAIN LIBRARY | WISCONSIN INTERNATIONAL UNIVERSITY COLLEGE, GHANA - MAIN LIBRARY | General Stacks | 03/05/2012 | HF1001.I532 | 1968/12 | 03/05/2012 | 3 | 03/05/2012 | Books |
